00462nam a2200181Ia 4500008004100000020001800041245003700059245004700096260001500143260001600158260000900174300001500183300002500198300001000223440002000233500000800253999001900261170705s9999 xx 000 0 und d a9780545110358 aHorrible Harry cracks the code / cSuzy Kline ; pictures by Frank Remkiewicz. aNew York : bScholastic, c2007 a66 pages : bcolor illustration ; c19cm. aHorrible Harry. a540 c335973d335973